000 00407nam a22001697a 4500
003 MPLRDC
005 20220104113659.0
008 210129b ||||| |||| 00| 0 eng d
082 _a857.621 NK-18 v.5
100 _a倪匡
245 _a电眼怪客
_c
260 _a
_b金兰文化出版社
_c1984
300 _b
490 _a奇幻系列. 5
650 _a科幻小说
942 _cBK
_o857.621 NK-18 v.5
999 _c1517
_d1507